Handbuch der deutsch-jüdischen Literatur
| Titel: | Handbuch der deutsch-jüdischen Literatur / Martin Przybilski |
|---|---|
| Verfasser: | |
| In: |
Arbitrium, Band 36, Heft 1 (2018), Seite 57-60 alle Artikel anzeigen |
| Veröffentlicht: | 2018 |
| Format: | Aufsatz |
| Sprache: | Deutsch |
X
alg: 43251885
001A $04504:12-06-18
001B $01999:19-07-19 $t14:59:45.000
001C $04504:12-06-18 $t14:04:57.000
001D $04504:12-06-18
001U $0utf8
001X $00
002@ $0Aou
002C $aText $btxt $2rdacontent
002D $aohne Hilfsmittel zu benutzen $bn $2rdamedia
002E $aBand $bnc $2rdacarrier
003@ $0432518851
007A $0432518851 $aHEB
010@ $ager
010E $erda
011@ $a2018
013D $#Newspapers Sections, columns, etc. Reviews $#Book reviewing $#Journaux Cahiers, chroniques, etc. Comptes rendus $#Livres Recension $#Rezension $#Buchbesprechung $#Buchrezension $#Buchkritik $74049712-4 $8Rezension [Ts1] $9085138568
021A $aHandbuch der deutsch-jüdischen Literatur $hMartin Przybilski
028A $BVerfasser $4aut $71014104637 $8Przybilski, Martin$Z1970- [Tp3] $9272292982
031A $d36 $e1 $h57-60 $j2018
039B $aEnthalten in $8--Abvc--. Arbitrium. - Berlin {[u.a.] : de Gruyter, 1983-. - ISSN 0723-2977 $x201800000360001943 $9047464550
039T $aRezension von $8--Aau--. Handbuch der deutsch-jüdischen Literatur. - Berlin : De Gruyter Oldenbourg, 2016. - VII, 630 Seiten. - ISBN 978-3-11-028081-4 $9308004191
045T $a7,20 $b7,12
045T $aAVL $qDE-30 $2FID
045T $aGER $qDE-30 $2FID
045V $805.02.00$jNachschlagewerke [Tkx] $911884430X
lok: 43251885 62
exp: 43251885 62 1 #EPN
201B/01 $012-06-18 $t22:05:25.000
203@/01 $01023508044
208@/01 $a12-06-18 $be
209A/01 $a/ $f000 $x00
209B/01 $a2018 $x05
247C/01 $8Frankfurt, Bibliographie der Deutschen Sprach- und Literaturwissenschaft $9113214561
201U/01 $0utf8
lok: 43251885 78
exp: 43251885 78 1 #EPN
201B/01 $012-10-20 $t16:21:19.000
201C/01 $012-10-20
201U/01 $0utf8
203@/01 $01125827300
208@/01 $a12-10-20 $be
209A/01 $a/ $f000 $x00
209A/01 $ab*p $x01
220C/01 $apgar
247C/01 $82080>Marburg/Lahn, Herder-Institut, Forschungsbibliothek, Bibliographieportal $9336309341
| LEADER | 00000caa a2200000 c 4500 | ||
|---|---|---|---|
| 001 | 432518851 | ||
| 003 | DE-603 | ||
| 005 | 20190719145945.0 | ||
| 007 | tu | ||
| 008 | 180612s2018 xx |||| | u00||u|ger c | ||
| 035 | |a (DE-599)HEB432518851 | ||
| 040 | |a DE-603 |b ger |c DE-603 |d DE-603 |e rda | ||
| 041 | |a ger | ||
| 084 | |a 7,20 |2 ssgn | ||
| 084 | |a AVL |q DE-30 |2 fid | ||
| 084 | |a GER |q DE-30 |2 fid | ||
| 100 | 1 | |a Przybilski, Martin |d 1970- |e Verfasser |4 aut |0 (DE-603)272292982 |0 (DE-588)1014104637 |2 gnd | |
| 245 | 0 | 0 | |a Handbuch der deutsch-jüdischen Literatur |c Martin Przybilski |
| 264 | 0 | |c 2018 | |
| 336 | |a Text |b txt |2 rdacontent | ||
| 337 | |a ohne Hilfsmittel zu benutzen |b n |2 rdamedia | ||
| 338 | |a Band |b nc |2 rdacarrier | ||
| 655 | 7 | |a Rezension |2 gnd-content |0 (DE-588)4049712-4 |0 (DE-603)085138568 | |
| 773 | 0 | 8 | |i Enthalten in |t Arbitrium |d Berlin [u.a.] : de Gruyter, 1983- |h 23 cm |x 0723-2977 |g Band 36, Heft 1 (2018), Seite 57-60 |w (DE-603)047464550 |w (DE-600)283620-8 |
| 787 | 0 | 8 | |i Rezension von |t Handbuch der deutsch-jüdischen Literatur |d Berlin : De Gruyter Oldenbourg, 2016 |h VII, 630 Seiten, 240 mm x 170 mm |z 9783110280814 |z 3110280817 |w (DE-603)308004191 |
| 924 | 0 | |9 603 |a (DE-603)1023508044 |b DE-603 |c HES |d d | |
| 924 | 0 | |9 2080 |a (DE-603)1125827300 |b DE-2080 |c HES |d d |g / | |


